[Event "FIDE World Cup"]
[Site "Khanty-Mansiysk"]
[Date "2005.12.08"]
[Round "4.3"]
[White "Carlsen, Magnus"]
[Black "Bareev, Evgeny"]
[Result "0-1"]
[WhiteElo "2570"]
[BlackElo "2675"]
[Annotator "Lukacs,P"]
[PlyCount "92"]
[EventDate "2005.11.27"]
[EventType "k.o."]
[EventRounds "7"]
[EventCountry "RUS"]
[SourceTitle "CBM 111"]
[Source "ChessBase"]
[SourceDate "2006.04.04"]
[SourceVersion "1"]
[SourceVersionDate "2006.04.04"]
[SourceQuality "1"]

1. e4 c6 2. d4 d5 3. e5 Bf5 4. Nc3 e6 5. g4 Bg6 6. Nge2 c5 7. h4 h5 8. Nf4 Bh7
9. Nxh5 cxd4 (9... Nc6) 10. Nb5 Nc6 (10... Be4 $5 11. Rh3 Nc6 12. Nxd4 Nxe5 $5
{- Antal-Flumbort, Budapest 2002 CBM 89}) 11. Nxd4 Nge7 (11... Nxd4 $6 {
- Shirov-Yermolinsky, Wijk aan Zee 1999 CBM 89}) (11... Qc7 $6 {is rather
useless now.} 12. Nxc6 Qxc6 (12... bxc6 13. f4 $16) 13. Bd3 Bxd3 14. cxd3 d4
15. O-O {White is not afraid of the h <->, because Black has problems with his
development.} g6 16. Ng3 Bg7 17. Re1 {The e5 P is the key of the position.} Qd5
18. Qe2 Rxh4 19. Bg5 Rh3 20. Rac1 $16 {Sax-Berg, Aahus 1993}) ({There is no
need to hurry with} 11... Nxe5 12. Bf4 Nc6 13. Bb5 Rc8 14. Qe2 Qd7 (14... Nge7
$5) (14... Nf6 $6 15. Bg5 $1) 15. Bxc6 $1 bxc6 16. Nf5 $1 $36 {with a very
complicated tactical battle.} (16. Qe5 Nf6 $1 17. O-O-O (17. Nxf6+ gxf6 18.
Qxf6 Rg8 $44) 17... c5 $1 18. Nb3 c4 $13 {Schoenicz-Heinze, Germany 1998})) 12.
c3 (12. Rh3 $6 a6 {- Grischuk-Bareev, Corus Wijk aan Zee 2003 CBM 93}) (12. Bb5
$6 {(1/2:1/2 Kreiman-Seirawan, USA-ch Seattle 2002)} a6 $1 {and again White
cannot hold his active position.} 13. Ba4 (13. Nxc6 Nxc6) 13... b5 14. Bb3 Nxd4
15. Qxd4 Nc6 16. Qe3 Qc7 17. O-O Na5 18. Qe2 Nxb3 19. axb3 Qxc2 $17 {
Svetushkin-Piankov, Ciudad de Ubeda op 2000}) (12. Bg5 Qa5+ (12... Nxe5 13.
Nf6+ (13. Bb5+ Nd7 14. Qd2 (14. Qe2 a6 15. Bxd7+ Qxd7 16. O-O-O O-O-O $13)
14... a6 15. Bxd7+ Qxd7 16. Bf6 O-O-O $44) 13... gxf6 14. Bxf6 N7c6 $5 {
This is nice, but still White has some advantage after} 15. Bxd8 Nxd4 16. Bf6
Bb4+ (16... Nef3+ 17. Qxf3 Nxf3+ 18. Kd1) 17. c3 Nef3+ 18. Qxf3 Nxf3+ 19. Ke2
$14) 13. c3 Nxd4 (13... Nxe5 $2 {founders on the typical blow} 14. Nf6+ $1 gxf6
15. Bxf6 N5g6 (15... N7g6 16. h5 $16) 16. h5 $16) 14. Qxd4 Nc6 15. Qf4 Qb6 {
- Fedorov-Dreev, Moscow Aeroflot op 2003 CBM 94} (15... d4 $6 {This is not a
very successful novelty.} 16. Rh3 $1 $16 {Bringing the R into action on the
third rank, Fedorov-Belov, Istanbul 2003 CBM 096.})) 12... Nxe5 (12... a6 13.
Bg2 $1 {- Shomoev-Galkin, RUS-ch Krasnodar 2002 CBM 91}) 13. Bb5+ (13. Bg5 Nd7
14. Bg2 (14. Bb5 a6 {- 13.Bb5}) 14... Nc5 15. O-O Qd7 $5 (15... Ne4 $2 16. c4
$1 Nxg5 17. hxg5 Qd7 18. cxd5 Nxd5 (18... exd5 19. Rc1 $16 {Carlsen-Schandorff,
Aalborg 2006}) 19. Bxd5 $1 exd5 20. Re1+ Kd8 21. Nf3 $1 Qxg4+ 22. Ng3 $40 {
and the black K in the middle disturbs the harmony.})) 13... Nd7 (13... N7c6 $6
14. Bf4 $16 {and the pin is very nasty.}) (13... N5c6 14. Bg5 Qc8 $1 (14... Qb6
15. Qe2 (15. O-O e5 $17) (15. Be3 Qc7 $13) 15... a6 16. Bxe7 axb5 $1 (16...
Bxe7 17. Nxg7+ Kf8 18. Ngxe6+ fxe6 19. Bxc6 bxc6 20. Qe5 $16) 17. Bf6 $5 Be4
18. f3 gxf6 19. fxe4 Nxd4 20. cxd4 $40) 15. Bxe7 $142 (15. O-O a6 (15... f6 $5
{deserves serious attention, because the sacrifices do not seem to be correct.}
) 16. Ba4 {- Grischuk-Seirawan, Moscow 2002 CBM 090}) (15. Qe2 $5 {/\ 0-0-0 is
another aggressive plan in these type of positions.}) 15... Bxe7 16. Nxg7+ Kf8
17. Nh5 Bg6 $13) 14. Bg5 (14. Bh6 {is parried by the cold-blooded} Rg8) 14...
a6 15. Bxd7+ $2 {This helps only for Black to finish the development.} (15. Ba4
$5 {was the logical move keeping the tension.} e5 (15... b5 16. Bc2) 16. Nf5
Bxf5 17. gxf5 b5 18. Bb3 f6 19. Be3 $36) 15... Qxd7 16. Qe2 O-O-O $15 {If
Black can finish the development, his chances are better, because White's
position is rather shattered.} 17. Rh3 Bg6 (17... e5 $5 18. Qxe5 (18. Nb3 Ng6)
18... f6 {Now White gets three pawns for the piece.} 19. Nxf6 (19. Bxf6 Ng6 $1
(19... Qxg4 20. Rg3) 20. Qe2 (20. Qg5 gxf6 21. Nxf6 Bh6 22. Qxh6 Qe7+ 23. Re3
Qxf6 24. Nf5 d4 $1 25. cxd4 Rxd4 $13) 20... gxf6 21. Nxf6 Qf7 22. g5 Bg7 23.
Ne6 Bxf6 24. Rf3 Rhe8 25. Rxf6 Qg8) 19... gxf6 20. Qxf6 (20. Bxf6 Rg8 $17)
20... Re8 21. O-O-O Ng6 $13) 18. Nf4 (18. O-O-O $140 Bxh5 19. gxh5 e5 $1) 18...
e5 $1 19. Nxg6 (19. Bxe7 Bxe7 20. Nxg6 fxg6 21. Qxe5 Bf6 22. Qg3 Bxh4 $1 $17) (
19. Qxe5 f6 $17) 19... Nxg6 20. Bxd8 $2 {Now Black can get the upper hand.} (
20. Nf5 f6 21. Be3 Ne7 22. Nxe7+ Bxe7 23. O-O-O Qa4 24. Kb1 Qc4 $15) 20... Kxd8
$2 ({missing the forceful} 20... Qxd8 $1 21. Qd3 (21. Nf5 $2 Nf4 22. Qf3 (22.
Qxe5 $2 Nxh3 23. O-O-O Nxf2 24. Rxd5 Nd3+) 22... Nxh3 23. Qxh3 g6 $17) (21. Qc2
$2 exd4 22. O-O-O Qd7 $19) 21... exd4 22. O-O-O Bd6 $17 {and the two pieces
are better than the R, >< f4 is weak.}) 21. Nf5 Nf4 $2 {This is a tactical
miscalculation, first Black had to improve his K's position.} (21... Kc8 $142
22. Rg3 Qc7 23. O-O-O Nf4 24. Qc2 g6 25. Ne3 d4 $1 $132) 22. Qxe5 $1 Nxh3 23.
O-O-O {The N is trapped on h3.} Kc8 24. Qg3 {The white pieces look harmonious
again.} g6 (24... Qa4 25. Qxh3 Qxa2 26. Qf3 Qa1+ 27. Kc2 Qa4+ 28. Kb1 Qe4+ 29.
Qxe4 dxe4 30. h5 $16 {with a better _|_ for White.}) 25. Ne3 Nxf2 26. Nxd5 $1
$16 (26. Qxf2 Bc5) 26... Bc5 {Black has to sacrifice his Q.} 27. Nb6+ Bxb6 28.
Rxd7 Kxd7 29. Qf3 Kc8 $2 {The f7 P was more important than the b7 one.} (29...
Ke6 30. Qxb7 Be3+ 31. Kc2 Rxh4 32. Qxa6+ Ke5 33. Qb5+ Kf4 34. Qc4+ Kg3 35. Qxf7
g5 36. b4 Rh1 37. c4 $16 {but here Black has some counterchances in the P race.
}) 30. Qxf7 $18 Rd8 31. Kc2 Kb8 32. Qxg6 Be3 33. g5 Rd2+ 34. Kb3 Nd1 {Black's
only chance is to harrass the white K.} 35. a4 b5 36. axb5 axb5 37. Kb4 Rxb2+
38. Ka5 Nxc3 39. Qe8+ Kc7 40. Qe5+ Kb7 41. Qg7+ Kb8 42. g6 Bf4 {There is one
square difference between loss and win...} {Probably this was already in
time-trouble...} 43. Qf8+ $4 {[%mdl 8192] This is the wrong choice, now the
white K gets into trouble.} (43. Qf7 Bc7+ 44. Ka6 {and everything is
well-protected.} Ra2+ 45. Qxa2 Nxa2 46. g7 $18 {was winning easily!}) 43... Kb7
44. Qf7+ Bc7+ 45. Qxc7+ Kxc7 46. h5 Rg2 0-1

[Event "FIDE World Cup 9-12"]
[Site "Khanty-Mansiysk"]
[Date "2005.12.14"]
[Round "6.5"]
[White "Malakhov, Vladimir"]
[Black "Carlsen, Magnus"]
[Result "0-1"]
[WhiteElo "2670"]
[BlackElo "2570"]
[Annotator "Lukacs,P"]
[PlyCount "98"]
[EventDate "2005.11.27"]
[EventType "k.o."]
[EventRounds "7"]
[EventCountry "RUS"]
[SourceTitle "CBM 111"]
[Source "ChessBase"]
[SourceDate "2006.04.04"]
[SourceVersion "1"]
[SourceVersionDate "2006.04.04"]
[SourceQuality "1"]

1. e4 e5 2. Nf3 Nc6 3. Bc4 Nf6 4. d3 Be7 5. O-O O-O 6. Bb3 d6 7. c3 Be6 8. Bc2
$143 {This modest retreat cannot be recommended from theoretical point of view.
} (8. Ba4 $143 {loses some tempi in order to transpose to a closed Ruy Lopez
type of position.} Bd7 $11 {Compare to the Ruy Lopez Accelerated Steinitz
Variation.} (8... Nd7 9. d4 exd4 (9... Bg4 {keeping the tension in the [+]
deserved attention.}) 10. Bxc6 $1 bxc6 11. Nxd4 c5 12. Nxe6 fxe6 13. Qb3 {
Black's P structure is a bit vulnerable.} (13. Nd2 Bg5 $11 (13... Nb6 14. Qe2 (
14. f4 d5) 14... a5 {Black ignores the fight for the [+].} 15. f4 a4 16. Nf3
Qc8 17. Be3 Qa6 {The _|_ looks OK for Black.} 18. Rae1 Qxe2 19. Rxe2 Nc4 20.
Bc1 Rab8 $11 {Tischbierek-Grivas, Dortmund 1990})) 13... Rf6 14. f4 $1 Rb8 $1 (
14... Qf8 15. Na3 Rb8 16. Qd1 Qc8 {Black cannot find a clear-cut plan.} 17. Nc4
Qb7 18. Re1 $14 {Yudasin-Klovans, Kostroma 1985}) 15. Qd1 c4 $5)) (8. Bxe6 $143
fxe6 {This P structure is not so bad for Black, he controls the [+] and the
semi-opened f <->.} 9. Re1 (9. Qb3 Qc8 10. Be3 b6 (10... Ng4) 11. Nbd2 Ng4 12.
Bg5 h6 13. Bxe7 Nxe7 {1/2-1/2 I.Botvinnik-Dydyshko, Minsk 1988}) 9... Qd7 10.
Nbd2 Nh5 $5 {deserves attention.} (10... Rae8 {doesn't seem to be urgent here.}
11. a4 d5 (11... a5 12. Qb3 b6 13. Nc4 $14 {with some pressure on the light
squares.}) (11... Nh5 $5 12. Nc4 Nf4 13. b4 $14) 12. b4 Bd6 13. b5 Nd8 14. c4
Nf7 15. Bb2 $14 {I.Almasi-Golod, Internet 2000})) (8. Nbd2 Qd7 (8... Nd7 9. d4
Bxb3 10. Qxb3 {This reminds me to the 9...Be6 Ruy Lopez C92.} Qc8 11. Nc4 Bf6
12. Be3 Re8 13. Ncd2 (13. d5 Ne7 14. a4 $14) 13... Nf8 (13... Ne7 $5 {/\ Ng6
improving the bad N's position.}) 14. h3 a6 15. Rfc1 Qd7 16. d5 Ne7 17. c4 $14
{with good prospects on the <<,  Gipslis-Radulov, Albena 1983.}) (8... Bxb3 9.
Qxb3 $142 (9. axb3 {allows the freeing move} d5 10. Qc2 Re8 11. exd5 Qxd5 12.
Nc4 Rad8 $13 {Kim-Kharitonov, St Petersburg 1997}) 9... Rb8 (9... Qc8 10. Re1
Re8 11. Nf1 (11. Nc4 $5) (11. d4 $5) 11... Bf8 12. Ng3 Nd8 13. d4 {White gets
the upper hand in the [+].} g6 14. Be3 $16 {Smagin-Averbakh, Moscow 1982}) 10.
Re1 Nd7 11. Nc4 (11. Qc2 Bf6 12. Nf1 g6 (12... Nb6 {/\ d5}) 13. Bh6 Bg7 14.
Bxg7 Kxg7 15. d4 $14 {and again White comes first in the [+], Kengis-Klovans,
Riga 1981.}) (11. Nf1 {is a bit passive.} Nc5 $1 12. Qc2 d5 {This central push
solves Black's problems at once.} 13. Ne3 dxe4 14. dxe4 Qd3 $11 {
Dolmatov-Klovans, Moscow 1981}) 11... h6 12. d4 Bf6 13. Be3 exd4 {giving up
the [+] is not a good strategy.} (13... Nb6 $5) 14. cxd4 Nb6 15. d5 $16 (15.
Ncd2 {again allows the freeing move} d5 $1 16. e5 Be7 17. a3 Qd7 $13 {
Dolmatov-Agdestein, Tilburg 1993})) 9. Re1 {- 8.Re1}) (8. Re1 Qd7 (8... Bxb3 9.
Qxb3 Na5 (9... Rb8 10. Nbd2 (10. a4 {against b5?} Re8 11. Nbd2 Bf8 12. Nf1 d5 {
Here this push is not so effective because of} (12... h6 13. Ne3) 13. Bg5 dxe4
14. dxe4 h6 15. Rad1 $14 {Minasian-Klovans, Podolsk 1990})) 10. Qd1 c5 (10...
Re8 {is not consistant.} 11. Nbd2 Bf8 12. Nf1 a6 {is highly useless.} 13. Ng3
g6 14. d4 c6 15. h3 $14 {with an excellent Ruy Lopez type of position for
White, Kornev-Kholmov, Tula 2002.}) 11. b4 (11. d4 {is met by the counterblow
in the [+] :} exd4 12. cxd4 d5 13. e5 Ne4 14. Nc3 Nc6 15. Nxe4 dxe4 16. Rxe4
Qd5 $10) 11... Nc6 (11... cxb4 $5 12. cxb4 Nc6 13. a3 a6 14. Bb2 $14) 12. b5
$14 {Dolmatov-Vasiukov, Moscow 1981}) (8... a6 9. Nbd2 (9. h3 $6 {is not
important here.} Qd7 10. Nbd2 Rad8 11. d4 (11. Nc4) 11... Bxb3 (11... exd4 12.
cxd4 d5 13. e5 {is a favourable change in the central structure for White.})
12. Qxb3 Na5 13. Qc2 Nc6 14. d5 Nb8 15. c4 {and here the light-squared B is
missing for Black.} c6 16. Nf1 $14 {Psakhis-Geller, Riga 1985}) 9... Qd7 10.
Nc4 Rad8 11. Ne3 $14) (8... Nd7 9. d4 Bg4 10. Be3 Bf6 {(Atlas-Dydyshko, Minsk
1987)} 11. d5 $14 {and Black cannot execute easily the freeing move c7-c6.}) 9.
Nbd2 (9. Ba4 $5 {provoking some "weakening moves" as in the Ruy Lopez} a6 10.
Nbd2 b5 11. Bc2 Bg4 12. Nf1 Rfe8 13. h3 Bh5 14. Ng3 Bg6 15. d4 $14 {
Ehlvest-Fridman, Liepaja 2001}) 9... Rfe8 (9... Rae8 {/\ Bd8, Ne7-g6, but this
looks a bit sophysticated.} 10. Ba4 (10. h3 Bxb3 11. Qxb3 Na5 12. Qd1 Nc6 {
/\ d5} 13. Qb3 {1/2-1/2 Kudrin-Christiansen, Needham 2000}) (10. Nf1 a6 (10...
Bd8 $5) 11. Ng3 Bd8 12. Bc2 Qc8 (12... h6 13. d4 $14) 13. d4 Bg4 14. Be3 d5 15.
h3 exd4 16. cxd4 dxe4 17. hxg4 exf3 18. Bf5 {White's ^^ becomes dangerous in
the opened position.} Nd7 19. g5 $14 {Nunn-Geller, London 1982}) 10... a6 11.
d4 exd4 12. Nxd4 $14 {Yudasin} (12. cxd4 {allows the counterplay in the [+].}
b5 13. Bc2 Bg4 14. h3 Bh5 15. Nb3 d5 $13 {Yudasin-Murey, Moscow 1991})) (9...
Rad8 10. Ba4 a6 11. d4 b5 12. Bc2 Bg4 13. h3 Bh5 14. d5 Na5 $142 (14... Nb8 15.
Nf1 c6 16. dxc6 Nxc6 17. Ng3 $14 {and the B is outplaced, Jakubiec-Balashov,
Wisla 1992.})) (9... a6 $5 {Yudasin} 10. Nf1 $14) 10. Ba4 a6 11. d4 b5 12. Bc2
Bg4 13. h3 Bh5 14. d5 Na5 15. a4 {The position is a bit similar to the 9.d4
Ruy Lopez.} c6 16. b4 Nc4 17. Nxc4 bxc4 18. dxc6 Qxc6 19. Bg5 $14 (19. a5 Red8
20. g4 Bg6 21. Bg5 h6 22. Bxf6 Bxf6 23. Ba4 $2 Qb7 $15 {Nevednichy-Schuh,
Manila 1992}) 19... h6 20. Bxf6 Bxf6 21. a5 Red8 22. Qe2 $14) 8... d5 {Black
grabs the |^ in the [+].} (8... Nd7 9. d4 exd4 10. Nxd4 (10. cxd4 d5 $13) 10...
Nxd4 11. cxd4 Nb6 12. Nc3 c5 (12... d5 13. e5 $14) 13. d5 Bc8 14. f4 Bf6 15. e5
$5 $14 {Totsky-Golod, Moscow 1991}) 9. Nbd2 dxe4 (9... Re8 10. Re1 Bf8 11. h3
h6 12. Ba4 dxe4 13. dxe4 Nd7 $1 {/\ Nc5, >< d3.} 14. Nf1 Qf6 $5 {/\ Rad8, Nc5}
(14... Na5 15. Ne3 c6 16. Bc2 Nc4 17. Ng4 $13 {Lutikov-Tuzovsky, Frunze 1973}))
10. dxe4 Nd7 (10... a5 {is not the most important here.} 11. Qe2 Nd7 12. Rd1 f6
13. Nf1 Bc5 (13... Qe8 $5) 14. Be3 Bd6 {Black's plan clearly failed.} (14...
Bxe3 15. Nxe3 $14) 15. Nh4 Ne7 16. Ng3 $14 {Gorelov-Kalinski, Saratov 1981})
11. Qe2 Qe8 (11... Nb6 {against Nc4 was possible.}) 12. Nc4 {/\ Ne3-d5} f6 13.
Ne3 Qf7 14. Rd1 Rfd8 15. Nd5 Rac8 {looks a bit passive.} (15... Nb6 $142 $5 16.
Nxe7+ (16. c4 Bc5) 16... Nxe7 {and White's ^^ gives him a very small edge}) 16.
Be3 Bf8 (16... Bc5 $2 {is punished by the simple double -> after} 17. Bxc5 Nxc5
18. Qb5 b6 19. b4 a6 20. Qxc6 Rd6 21. Nxf6+ $18 {and the Q comes out of the
trap, Malakhov-Carlsen, Khanty Mansyisk 2005.}) 17. Rd2 a6 $6 {There is no
time for this move.} (17... Ne7 {improving the bad N's position was required.}
18. Nxe7+ Bxe7 19. Rad1 $14) 18. Rad1 Ncb8 {This looks rather awkward.} 19. h3
(19. Nh4 $5 {looked crisper.}) 19... Re8 {White has the control over the d <->.
} 20. b3 {/\ c4 with further advance on the <<.} c6 21. Nb6 $2 {This exchange
helps for the party lacking space.} (21. Nb4 a5 22. Nd3 Na6 $14) 21... Nxb6 22.
Bxb6 c5 $1 {and the b6 B is suddenly out of place.} 23. c4 (23. Bd3 Rc6 24. Ba7
Nd7 25. Bc4 $1 Rc7 $17) 23... Nc6 {The N comes back to the [+] with a great
effect.} 24. Qe3 Nd4 {Black controls now the [+].} 25. Bd3 Qh5 26. Be2 Qf7 27.
Ne1 Rc6 28. Ba5 b5 $17 29. cxb5 axb5 30. Bc3 Ra8 31. Nd3 Rca6 32. Nc1 Nxe2+ $6
{This exchange cannot be praized from strategical point of view. However Black
can simply do what he wants.} (32... Qg6 $5) 33. Qxe2 c4 $1 34. b4 (34. bxc4
Bxc4 35. Qe3 Ra3 $17) 34... Ra3 $1 35. Rc2 h6 36. Kh2 Kh7 37. Qd2 Qh5 38. f3
Be7 39. Ne2 Qg5 40. f4 $2 {This founders on a tactical blow.} (40. Qxg5 hxg5
41. Rdd2 R3a4 42. Rb2 Rd8 43. Rxd8 Bxd8 44. Bd2 Be7 $17) 40... exf4 41. Nxf4 {
[#]} Rxc3 $1 $19 {and White's position collapses.} 42. Rxc3 Bxb4 43. Nxe6 Qe5+
44. Kh1 Qxe6 45. Rb1 Bxc3 46. Qxc3 Qxe4 47. Rb2 Rd8 48. Kh2 Rd3 49. Qc2 c3 0-1

[Event "FIDE World Cup 9-16"]
[Site "Khanty-Mansiysk"]
[Date "2005.12.09"]
[Round "5.1"]
[White "Carlsen, Magnus"]
[Black "Lautier, Joel"]
[Result "1/2-1/2"]
[WhiteElo "2570"]
[BlackElo "2680"]
[Annotator "Ribli,Z"]
[PlyCount "64"]
[EventDate "2005.11.27"]
[EventType "k.o."]
[EventRounds "7"]
[EventCountry "RUS"]
[SourceTitle "CBM 111"]
[Source "ChessBase"]
[SourceDate "2006.04.04"]
[SourceVersion "1"]
[SourceVersionDate "2006.04.04"]
[SourceQuality "1"]

1. d4 d5 2. c4 e6 3. Nf3 Nf6 4. g3 Be7 5. Bg2 O-O 6. O-O dxc4 7. Qc2 a6 8. Qxc4
{Diese Fortsetzung ist heutzutage wieder populär, die Alternative ist 8.a4.} b5
9. Qc2 Bb7 10. Bd2 Nbd7 {Das ist ein natürlicher Entwicklungszug, aber der
prophylaktische Turmzug 10...Ra7 ist ebenfalls spielbar.} 11. Ba5 Rc8 12. Nbd2
Nb8 {Die Idee des Springermanövers ist 13...Nc6 zu ziehen und den a5-Läufer zu
verjagen.} 13. Nb3 {Der Springerzug ist gegen c7-c5 gerichtet, aber nach
meiner Meinung bietet 13.a3! Weiß mehr Chancen Eröffnungsvorteil zu erlangen.}
(13. a3 $5 Nc6 14. Bc3 (14. Nb3 $2 Nxa5 15. Nxa5 Be4 {/\ c5=/+}) 14... b4 (
14... Nd5 15. Nb3 {/\ Bd2} (15. b4 Nxc3 16. Qxc3 Ra8 17. Nb3 $14) 15... Nxc3
16. Qxc3 $14) 15. axb4 Nxb4 16. Qb3 (16. Qa4 Nbd5) 16... Bd5 17. Qa4 Bc6 (17...
Rb8 18. Ne5 Bxg2 19. Kxg2 $14 {><a6}) 18. Qa5 Rb8 19. Ne5 $1 $14 {1/2-1/2
Almasi,I-Lauber,A/Gyula 1997/}) 13... Be4 {Jetzt sehen wir den Nachteil des
Zuges 13.Nb3; der schwarze Läufer steht gut auf e4.} 14. Qc1 (14. Qd2 Nc6 15.
Rfc1 b4 16. Ne5 (16. Rxc6 Bxc6 17. Bxb4 Bxb4 18. Qxb4 Qd6 19. Qa5 {[%csl Ra6]
[%cal Ra5a6]} Bd5 {[%csl Gd5]} 20. Rc1 {[%cal Gc1c7]} Qb6 $15 {. 1/2-1/2
Nielsen,P-Polgar,J/Las Vegas 1999/CBM 72/[Ribli] (58)}) 16... Nxa5 17. Nxa5
Bxg2 18. Kxg2 c5 $15 {0-1 Koneru,H-Mahesh Chandran,P/Calcutta 2002/(41)}) 14...
Nc6 {[%csl Gc6,Ge4][%cal Gc6a5,Gc6d4][%mdl 2048] Schwarz hat ausgezeichnetes
Figurenspiel; der c6N kontrolliert das Feld d4, während der Läufer auf a5
unsicher steht.} 15. Bd2 (15. Rd1 Nxa5 16. Nxa5 c5 $17) 15... Bxf3 16. Bxf3
Nxd4 17. Nxd4 Qxd4 $15 {Schwarz hat einen Bauern mehr. Da Weiß das Läuferpaar
besitzt, erhält er positionelle Kompensation, jedoch muss er noch um das Remis
kämpfen.} 18. Be3 (18. Bb7 {[%cal Rb7a6,Rb7c8]} Rcd8 $15) 18... Qd6 19. Rd1 {
[%csl Gd1,Ge3,Gf3]} Nd5 20. Bf4 Qb4 21. a3 {Weiß verteidigt sich gut und
verjagt die aktive Dame von b4.} (21. Bxd5 exd5 22. Rxd5 Bf6 23. Rb1 (23. Be5
$2 Qe4 $19) 23... Qa4 24. a3 Rfe8 $15) 21... Qa4 22. Bxd5 exd5 23. Rxd5 c5 (
23... Bf6 24. Rc5) 24. Bd6 Rfd8 (24... Bxd6 25. Rxd6) 25. Rxc5 Rxc5 26. Bxc5
Rc8 27. Qe3 $1 {[%mdl 256] Auf diese Weise kann Weiß Ausgleich erreichen.} (27.
b4 Bxc5 28. bxc5 Qd4 29. e3 Qxc5 (29... Qd5 30. Qc2 Rxc5 31. Rd1 Rxc2 32. Rxd5
$11) 30. Qxc5 Rxc5 31. Rd1 $11) 27... Bxc5 28. Rc1 $11 {[%cal Gc1c8]} g6 29.
Rxc5 Qd1+ 30. Kg2 Rxc5 31. Qxc5 Qxe2 32. Qd4 (32. Qc8+ Kg7 33. Qxa6 Qxb2 $11 (
33... Qe4+ $11)) 32... h5 1/2-1/2

[Event "Corus-B"]
[Site "Wijk aan Zee"]
[Date "2006.01.20"]
[Round "6"]
[White "Naiditsch, Arkadij"]
[Black "Carlsen, Magnus"]
[Result "0-1"]
[WhiteElo "2657"]
[BlackElo "2625"]
[Annotator "Rogozenco,D"]
[PlyCount "66"]
[EventDate "2006.01.14"]
[EventType "tourn"]
[EventRounds "13"]
[EventCountry "NED"]
[EventCategory "15"]
[SourceTitle "CBM 111"]
[Source "ChessBase"]
[SourceDate "2006.04.04"]
[SourceVersion "1"]
[SourceVersionDate "2006.04.04"]
[SourceQuality "1"]

1. e4 c5 2. Nf3 Nc6 3. d4 cxd4 4. Nxd4 Nf6 5. Nc3 e5 6. Ndb5 d6 7. Bg5 a6 8.
Na3 b5 9. Nd5 Be7 10. Nxe7 Nxe7 11. Bd3 Nd7 (11... Bb7 $142) 12. O-O Nc5 13. b4
Nxd3 14. Qxd3 f6 15. Be3 d5 16. Bc5 dxe4 (16... d4 17. f4 O-O 18. fxe5 fxe5 19.
Rxf8+ Qxf8 20. Qg3 $16) (16... Be6 17. f4 $5 exf4 18. Rae1 d4 19. e5 $36) 17.
Qxe4 Qd5 18. Qe2 $1 (18. Qxd5 Nxd5 19. c4 $14) 18... Bb7 (18... Ng6 19. f4 $1
$16 {[%csl Re8]}) 19. f3 Ng6 20. Rfd1 Nf4 21. Qf1 Qe6 22. c4 {With his king
somewhere on h8 Black could have hopes to create counterplay, but here he must
waste too much time to find a relatively safe position for the king. Therefore
Black's compensation will not be enough.} Kf7 (22... bxc4 $2 23. Nxc4 $18) 23.
Rd6 Qf5 24. cxb5 axb5 25. Nxb5 Kg6 (25... Ba6 26. Qc4+ Kg6 27. a4 $16) 26. Rd2
Rhd8 27. Rxd8 Rxd8 28. Nd6 Rxd6 {The only way to create some practical chances.
} (28... Qd7 29. a4 $18) 29. Bxd6 Qg5 30. Kh1 h5 {White is of course winning.
He still must watch out for some tricks, but it is not very complicated.} 31.
Bc5 $2 ({A clear win is} 31. a4 h4 32. h3 Qg3 33. Ra3 Bd5 {[%cal Gd5c4]} (33...
Nh5 34. b5 Qf4 35. Qd3+ Kf7 (35... Kh6 36. Qe3 $18) (35... f5 36. Qe3 Ng3+ 37.
Kg1 Qc4 38. Ra1 $18) 36. Qb3+ Kg6 37. Qc2+ Kf7 38. Bc5 Ng3+ 39. Kg1 e4 40. Bb6
$18) 34. Bc5 e4 (34... Bc4 35. Qf2 Qg5 36. Be3 $18) 35. a5 exf3 36. Rxf3 {
The safest} Bxf3 37. gxf3 {[%cal Gf1g1,Gg1g7]} Kh7 38. a6 $18) 31... e4 32. Be3
$4 {[%mdl 8192]} ({Again he should have played} 32. a4 {[%cal Ga1a3] with the
idea Ra3. White still should be winning.}) 32... exf3 33. gxf3 Qg4 $1 0-1